|
|
|
|
| LEADER |
00000nam a2200000 a 4500 |
| 001 |
vtls001419856 |
| 003 |
SK-MaSNL |
| 005 |
20260224112953.0 |
| 008 |
180126sm y0 xo 0 und |
| 035 |
|
|
|a SNK000374684
|
| 040 |
|
|
|a SNK
|b slo
|c SNK
|e AACR2
|
| 044 |
|
|
|a xo
|c SK
|
| 245 |
1 |
|
|a STN EN ISO 1060-1 Plasty. Homopolyméry a kopolyméry vinylchloridu. Časť 1: Systém označovania a základy špecifikácie (ISO 1060-1:1998)
|
| 260 |
|
|
|a Bratislava
|b Slovenský ústav technickej normalizácie
|c 2001
|
| 300 |
|
|
|a 16 s.
|
| 999 |
|
|
|c 984643
|d 986573
|
| 952 |
|
|
|t P60, <03>, [BOOK], {603}
|a SNK
|b SNK
|y PREZ
|7 0
|p 17A0314475
|o snkSTN EN ISO 1060-1
|i snkN 1917/2001
|0 0
|1 0
|4 0
|d 2001-09-06
|l 0
|r 2005-01-02 00:00:00
|w 2026-02-24
|
| 952 |
|
|
|t P60, <04>, [BOOK], {604}
|a SNK
|b SNK
|y VYP
|7 0
|p 17A0314476
|o snkSTN EN ISO 1060-1 D1
|i snkN 1918/2001
|0 0
|1 0
|4 0
|d 2001-09-06
|l 0
|r 2005-01-02 00:00:00
|w 2026-02-24
|